000 00410nam a2200169Ia 4500
001 6120
003 IN-NITTTR
005 20251114233015.0
008 251113s9999||||xx |||||||||||||| ||eng||
040 _beng
040 _cIN-NITTTR
041 _aeng
082 _a515.723 V443I
100 _aVasishtha, A. R.
245 0 _aIntegral Transforms :
_b transforms calculus. /
_cVasishtha, A. R.
942 _2ddc
_cBK
999 _c8758
_d8758